| 000 | 00000nam##2200000za#4500 |
| 001 | 9.698036 |
| 003 | CaOODSP |
| 005 | 20210924140257 |
| 007 | cr ||||||||||| |
| 008 | 150407|2000||||xxc|||||o f|0| 0 eng|d |
| 040 | |aCaOODSP|beng |
| 043 | |an-cn--- |
| 086 | 1 |aRG52-33/2000E-PDF |
| 110 | 1 |aCanada. |bCompetition Bureau. |
| 245 | 10|aConformity continuum information bulletin |h[electronic resource] |
| 260 | |aOttawa - Ontario : |bIndustry Canada. |c[2000]. |
| 300 | |a20p.|btable |
| 500 | |aThe catalogue number (RG52-33/2000) and ISBN (0-662-65015-B) for the bilingual print edition have been incorrectly copied in this electronic publication. |
| 520 | 3 |aThis bulletin explains the Competition Bureau's approach to the administration and enforcement of the Competition Act, Consumer Packaging and Labelling Act, Textile Labelling Act, and Precious Metals Marking Act.--Preface |
| 590 | |a13-15-Supp|b2013-06-24 |
| 690 | 07|aCommercial law|2gcpds |
| 690 | 07|aCompetition|2gcpds |
| 775 | 08|tBulletin d'information sur le continuum d'observation de la loi |w(CaOODSP)9.642032 |
| 776 | 0#|tConformity continuum information bulletin |w(CaOODSP)9.661907 |
| 776 | 0#|tBulletin d'information sur le continuum d'observation de la loi |w(CaOODSP)9.661908 |
| 856 | 40|ahttp://publications.gc.ca|qPDF|s59 KB|uhttps://publications.gc.ca/collections/Collection/RG52-33-2000E.pdf |